000 00385 a2200133 4500
005 20250628081038.0
020 _a978-0-333-98665-3
082 _a658.3 NIE
100 _aNIETO, L. M
245 _aAn Introduction to Human Resource Management : An Integrated Approach
260 _aLondon
_bPalgrave Macmillan
_c2006.
300 _axii,284p.: ill.; figures
_bIndex
_c24cm
942 _2ddc
_cBKS
999 _c5870
_d5870